FPD Savills market comment on house prices (Record no. 73950)
[ view plain ]
| 000 -LEADER | |
|---|---|
| fixed length control field | 00935cam a2200193 4500 |
| 001 - CONTROL NUMBER | |
| control field | WB3947-09 |
| 008 - FIXED-LENGTH DATA ELEMENTS--GENERAL INFORMATION | |
| fixed length control field | 031211n2003 000 0 eng u |
| 035 ## - SYSTEM CONTROL NUMBER | |
| System control number | (Sirsi) u124603 |
| 245 ## - TITLE STATEMENT | |
| Title | FPD Savills market comment on house prices |
| 260 ## - PUBLICATION, DISTRIBUTION, ETC. | |
| Date of publication, distribution, etc. | 2003 |
| 490 ## - SERIES STATEMENT | |
| Series statement | FPD Savills Research |
| Volume/sequential designation | December 2003 (2) |
| 520 ## - SUMMARY, ETC. | |
| Summary, etc. | FPD Savills comment that there has been a slowdown in all the main house price indices, and they expect this trend to continue into 2004. They forecast that mainstream UK house prices will rise by 4% in 2004, with this more prevalent at the top end of the market since there are limited supplies and buyers are less reliant on mortgages. A copy of the comment is available from http://www.fpdsavills.co.uk. |
| 590 ## - LOCAL NOTE (RLIN) | |
| Local note | WB |
| 650 ## - SUBJECT ADDED ENTRY--TOPICAL TERM | |
| Topical term or geographic name entry element | HOUSING-MARKET |
| 650 ## - SUBJECT ADDED ENTRY--TOPICAL TERM | |
| Topical term or geographic name entry element | HOUSE PRICE INDICES |
| 650 ## - SUBJECT ADDED ENTRY--TOPICAL TERM | |
| Topical term or geographic name entry element | RESIDENTIAL MARKET |
| 690 ## - LOCAL SUBJECT ADDED ENTRY--TOPICAL TERM (OCLC, RLIN) | |
| Topical term or geographic name as entry element | PROPERTY-RESIDENTIAL PROPERTY-RESIDENTIAL PROPERTY MARKET |
| 942 ## - ADDED ENTRY ELEMENTS (KOHA) | |
| Suppress in OPAC | 0 |
| Withdrawn status | Lost status | Source of classification or shelving scheme | Damaged status | Not for loan | Home library | Current library | Shelving location | Date acquired | Total Checkouts | Full call number | Barcode | Date last seen | Copy number | Price effective from | Koha item type |
|---|---|---|---|---|---|---|---|---|---|---|---|---|---|---|---|
| Dewey Decimal Classification | London | London | News article | 11/12/2003 | WB3947-09 | 124603-1001 | 06/08/2019 | 1 | 06/08/2019 | News article |